Sociology of education today. (Record no. 3763)

MARC details
000 -LEADER
fixed length control field 00516nam a22001937a 4500
003 - CONTROL NUMBER IDENTIFIER
control field OSt
005 - DATE AND TIME OF LATEST TRANSACTION
control field 20160426120418.0
008 - FIXED-LENGTH DATA ELEMENTS--GENERAL INFORMATION
fixed length control field 160426b xxu||||| |||| 00| 0 eng d
020 ## - INTERNATIONAL STANDARD BOOK NUMBER
International Standard Book Number 0333778294
040 ## - CATALOGING SOURCE
Transcribing agency DDC.
082 ## - DEWEY DECIMAL CLASSIFICATION NUMBER
Classification number 301SOC 2001.
100 ## - MAIN ENTRY--PERSONAL NAME
Personal name Jack Damaine.
9 (RLIN) 8293
245 ## - TITLE STATEMENT
Title Sociology of education today.
260 ## - PUBLICATION, DISTRIBUTION, ETC. (IMPRINT)
Place of publication, distribution, etc. London.
Name of publisher, distributor, etc. Palgrave Publishers ltd.
Date of publication, distribution, etc. 2001.
300 ## - PHYSICAL DESCRIPTION
Extent xiii,259p;
Other physical details ill;
Dimensions 23cm.
504 ## - BIBLIOGRAPHY, ETC. NOTE
Bibliography, etc includes index and bibliography.
650 ## - SUBJECT ADDED ENTRY--TOPICAL TERM
Topical term or geographic name as entry element Sociology.
9 (RLIN) 2259
942 ## - ADDED ENTRY ELEMENTS (KOHA)
Source of classification or shelving scheme Dewey Decimal Classification
Koha item type Short Loan
Holdings
Withdrawn status Lost status Source of classification or shelving scheme Damaged status Not for loan Home library Current library Date acquired Source of acquisition Inventory number Total Checkouts Full call number Barcode Date last seen Price effective from Koha item type
    Dewey Decimal Classification     MUST Main Library MUST Main Library 26/04/2016   Purchase   301SOC 2001. 2016-1347 26/04/2016 26/04/2016 Short Loan
    Dewey Decimal Classification     MUST Main Library MUST Main Library 21/01/2020 Purchase 2012/35747   301SOC 2001. 2020-0050 21/01/2020 21/01/2020 Open Shelf
    Dewey Decimal Classification     MUST Main Library MUST Main Library 21/01/2020 Purchase 2012/35745   301SOC 2001. 2020-0060 21/01/2020 21/01/2020 Open Shelf
    Dewey Decimal Classification     MUST Main Library MUST Main Library 31/01/2020 Purchase 13/37312   301SOC 2001. 2020-0268 31/01/2020 31/01/2020 Open Shelf
    Dewey Decimal Classification     MUST Main Library MUST Main Library 03/02/2020 Purchase 2012/35746   301SOC 2001. 2020-0274 03/02/2020 03/02/2020 Open Shelf